Határidős ügyletek Access adatbázis kezelőrendszerben történő nyilvántartása

Elmentve itt :
Bibliográfiai részletek
Szerző: Prantner Imre Pál
További közreműködők: Magyar Ferenc (Témavezető)
Dokumentumtípus: Szakdolgozat
Megjelent: 2002
Tárgyszavak:
Online Access:http://diploma.bibl.u-szeged.hu/2361
LEADER 00719nta a2200169 i 4500
001 dipl2361
005 20120625131145.0
008 110414s2002 hu om 0|| hun d
040 |a SZTE Diploma Repozitórium  |b hun 
041 |a hun 
100 1 |a Prantner Imre Pál 
245 1 0 |a Határidős ügyletek Access adatbázis kezelőrendszerben történő nyilvántartása  |h [elektronikus dokumentum] /  |c Imre Pál Prantner 
260 |c 2002 
650 4 |a Informatika 
700 1 |a Magyar Ferenc  |e ths 
856 4 0 |u http://diploma.bibl.u-szeged.hu/id/eprint/2361/1/2002_prantner_imre_pal_02_129.pdf  |z Dokumentum-elérés  
856 4 0 |u http://diploma.bibl.u-szeged.hu/id/eprint/2361/2/2002_prantner_imre_pal_02_129_velemeny.pdf  |z Dokumentum-elérés